|
|
|
|
| LEADER |
00000cam a2200000 7i4500 |
| 001 |
0000019303 |
| 005 |
20080616.0 |
| 008 |
080616 |
| 020 |
|
|
|a 1405302593
|
| 090 |
0 |
0 |
|a 658.4012
|b PET
|
| 100 |
0 |
|
|a Peters, Tom
|
| 245 |
1 |
0 |
|a Trends
|c Tom Peters & Martha Barletta
|
| 260 |
|
|
|a London :
|b Dorling Kindersley Limited ,
|c 2005
|
| 440 |
|
|
|a Tom Peters Essentials
|
| 650 |
|
0 |
|a Organizational charge
|
| 650 |
|
0 |
|a Strategic planning
|
| 700 |
1 |
|
|a Barletta, Martha
|
| 999 |
|
|
|a 0001025077
|b Book
|c Adult Collection
|e Cawangan Urban Transformation Centre
|
| 999 |
|
|
|a 0001137243
|b Book
|c Adult Collection
|e Perbadanan Perpustakaan Awam Johor
|
| 999 |
|
|
|a 0001137245
|b Book
|c Adult Collection
|e Cawangan Urban Transformation Centre
|